Rational choice and criminal behavior: recent research and future challenges
Individual propensities and rational decision-making : recent findings and promising approaches / Stephen G. Tibbetts and Chris L. Gibson -- Rationality and corporate offending decisions / Sally S. Simpson, Nicole Leeper Piquero, and Raymond Paternoster -- Analyzing organized crimes / Derek B. Corni...
| Contributors: | ; |
|---|---|
| Format: | Print Book |
| Language: | English |
| Published: |
New York London
Routledge
2002
|
| In: | Year: 2002 |
| Availability in Tübingen: | Present in Tübingen. UB: KB 19 A 9059 |
| Check availability: | HBZ Gateway |
| Subito Delivery Service: | Order now. |
| Keywords: |
MARC
| LEADER | 00000cam a2200000 c 4500 | ||
|---|---|---|---|
| 001 | 1617486329 | ||
| 003 | DE-627 | ||
| 005 | 20251225200753.0 | ||
| 007 | tu | ||
| 008 | 010517s2002 xxk||||| 00| ||eng c | ||
| 010 | |a 00069039 | ||
| 020 | |a 0815336780 |9 0-8153-3678-0 | ||
| 024 | 8 | |a 100-69039 |q Identnummer | |
| 035 | |a (DE-627)1617486329 | ||
| 035 | |a (DE-576)091379547 | ||
| 035 | |a (DE-599)BSZ091379547 | ||
| 035 | |a (OCoLC)45804558 | ||
| 035 | |a (OCoLC)45804558 | ||
| 035 | |a (JUB)b10056774 | ||
| 040 | |a DE-627 |b ger |c DE-627 |e rakwb | ||
| 041 | |a eng | ||
| 044 | |c XA-GB | ||
| 050 | 0 | |a HV6080.R28 2001 | |
| 082 | 0 | |a 364 | |
| 084 | |a 5,2 |2 ssgn | ||
| 084 | |a MS 6380 |2 rvk |0 (DE-625)rvk/123753: | ||
| 245 | 0 | 0 | |a Rational choice and criminal behavior |b recent research and future challenges |c ed. by Alex R. Piquero ... |
| 264 | 1 | |a New York |a London |b Routledge |c 2002 | |
| 300 | |a XI, 353 S. | ||
| 336 | |a Text |b txt |2 rdacontent | ||
| 337 | |a ohne Hilfsmittel zu benutzen |b n |2 rdamedia | ||
| 338 | |a Band |b nc |2 rdacarrier | ||
| 490 | 0 | |a Current issues in criminal justice | |
| 500 | |a Includes bibliographical references and index | ||
| 505 | 8 | |a Individual propensities and rational decision-making : recent findings and promising approaches / Stephen G. Tibbetts and Chris L. Gibson -- Rationality and corporate offending decisions / Sally S. Simpson, Nicole Leeper Piquero, and Raymond Paternoster -- Analyzing organized crimes / Derek B. Cornish and Ronald V. Clarke -- Understanding intoxicated violence from a rational choice perspective / Jean-Marc Assaad and M. Lyn Exum -- The rational choice implications of control balance theory / Alex R. Piquero and Matthew Hickman -- Sex differences and rational choice : traditional tests and new directions / Brenda Sims Blackwell and Sarah Eschholz -- Premature affluence, rational choice, and delinquency : examining the darker side of affluence / John Paul Wright -- Decision making in violent events among adolescent males : an examination of sparks and other motivational factors / Deanna L. Wilinson -- "I'm down for my organization" : the rationality of responses to delinquency, youth crime, and gangs / Scott H. Decker and G. David Curry -- Reconciling feminism and rational choice theory : women's agency in street crime / Jody Miller -- Assessing the rationality of criminal and delinquent behavior : a focus on actual utility / Timothy Brezina -- The impulsiveness and routinization of decision-making / Kenneth D. Tunnell -- Dangerous liaison? Rational choice theory as the basis for correctional intervention / Francis T. Cullen ... [et al.] -- The impact of lambda skewness on criminology : a contingent analysis / Thomas B. Marvell -- Deterrence, rational choice, and criminal offending : a consideration of legal subjectivity / Michael Massoglia and Ross Macmillan. | |
| 520 | |a Individual propensities and rational decision-making : recent findings and promising approaches / Stephen G. Tibbetts and Chris L. Gibson -- Rationality and corporate offending decisions / Sally S. Simpson, Nicole Leeper Piquero, and Raymond Paternoster -- Analyzing organized crimes / Derek B. Cornish and Ronald V. Clarke -- Understanding intoxicated violence from a rational choice perspective / Jean-Marc Assaad and M. Lyn Exum -- The rational choice implications of control balance theory / Alex R. Piquero and Matthew Hickman -- Sex differences and rational choice : traditional tests and new directions / Brenda Sims Blackwell and Sarah Eschholz -- Premature affluence, rational choice, and delinquency : examining the darker side of affluence / John Paul Wright -- Decision making in violent events among adolescent males : an examination of sparks and other motivational factors / Deanna L. Wilinson -- "I'm down for my organization" : the rationality of responses to delinquency, youth crime, and gangs / Scott H. Decker and G. David Curry -- Reconciling feminism and rational choice theory : women's agency in street crime / Jody Miller -- Assessing the rationality of criminal and delinquent behavior : a focus on actual utility / Timothy Brezina -- The impulsiveness and routinization of decision-making / Kenneth D. Tunnell -- Dangerous liaison? Rational choice theory as the basis for correctional intervention / Francis T. Cullen ... [et al.] -- The impact of lambda skewness on criminology : a contingent analysis / Thomas B. Marvell -- Deterrence, rational choice, and criminal offending : a consideration of legal subjectivity / Michael Massoglia and Ross Macmillan | ||
| 583 | 1 | |a Archivierung prüfen |c 20200919 |f DE-640 |z 2 |2 pdager | |
| 650 | 0 | |a Choice Psychology | |
| 650 | 0 | |a Criminal Psychology | |
| 650 | 0 | |a Criminology | |
| 650 | 0 | |a Decision Making | |
| 650 | 0 | |a Choice (Psychology) | |
| 655 | 7 | |a Aufsatzsammlung |0 (DE-588)4143413-4 |0 (DE-627)105605727 |0 (DE-576)209726091 |2 gnd-content | |
| 689 | 0 | 0 | |d s |0 (DE-588)4033178-7 |0 (DE-627)10458503X |0 (DE-576)209000511 |a Kriminalität |2 gnd |
| 689 | 0 | 1 | |d s |0 (DE-588)4274923-2 |0 (DE-627)104453109 |0 (DE-576)210710713 |a Rational Choice |2 gnd |
| 689 | 0 | |5 (DE-627) | |
| 689 | 1 | 0 | |d s |0 (DE-588)4033186-6 |0 (DE-627)106258567 |0 (DE-576)209000538 |a Kriminalpsychologie |2 gnd |
| 689 | 1 | |5 (DE-627) | |
| 700 | 1 | |a Piquero, Alex R. |d 1970- |e Hrsg. |0 (DE-588)1038873037 |0 (DE-627)766624382 |0 (DE-576)176864784 |4 edt | |
| 700 | 1 | |a Tibbetts, Stephen G. |4 oth | |
| 889 | |w (DE-627)335966519 | ||
| 935 | |i mdedup | ||
| 936 | r | v | |a MS 6380 |b Kriminalität, Gefängnis, Erziehungsheim |k Soziologie |k Spezielle Soziologien |k Soziale Probleme |k Kriminalität, Gefängnis, Erziehungsheim |0 (DE-627)1271441438 |0 (DE-625)rvk/123753: |0 (DE-576)201441438 |
| 951 | |a BO | ||
| ELC | |b 1 | ||
| LOK | |0 000 xxxxxcx a22 zn 4500 | ||
| LOK | |0 001 3208445806 | ||
| LOK | |0 003 DE-627 | ||
| LOK | |0 004 1617486329 | ||
| LOK | |0 005 20020416000000 | ||
| LOK | |0 008 020314||||||||||||||||ger||||||| | ||
| LOK | |0 040 |a DE-21 |c DE-627 |d DE-21 | ||
| LOK | |0 852 |a DE-21 | ||
| LOK | |0 852 1 |c KB 19 A 9059 |9 00 | ||
| LOK | |0 935 |a krim | ||
| LOK | |0 936ln |a k8.3.1 | ||
| LOK | |0 939 |a 14-03-02 |b l01 | ||
| ORI | |a SA-MARC-krimdoka001.raw | ||
| SIG | |a UB: KB 19 A 9059 | ||
